Tanzania articles in english
| Formato: | Desconocido |
|---|---|
| Lenguaje: | inglés |
| Publicado: |
[s.l] :
Mondaq,
2010
|
| Materias: | |
| Acceso en línea: | Acceso restringido |
MARC
| LEADER | 00000ny a22000003n 4500 | ||
|---|---|---|---|
| 005 | 20110621104254.0 | ||
| 008 | 100805s2010 tz 000 0 eng d | ||
| 035 | |a 4970 | ||
| 040 | |a BUS |d vLex | ||
| 080 | |a 341(678) | ||
| 090 | |c 907 |d 907 | ||
| 245 | 0 | 0 | |a Tanzania articles in english |h [Recurso electrn̤ico] |
| 256 | |a Servicio en ln̕ea | ||
| 260 | |a [s.l] : |b Mondaq, |c 2010 | ||
| 650 | 0 | 4 | |a Derecho internacional |z Tanzania |
| 740 | 0 | |a vLex Revistas (Servicios en ln̕ea) | |
| 856 | 4 | 0 | |u http://vlex.com/source/4970 |z Acceso restringido |
| 942 | |c REV | ||
| 999 | 0 | |a International Law |b Tanzania | |